000 00527cam a22001217a 4500
008 180718b2003 xxu||||| |||| 00| 0 eng d
082 _aT39x54 Sch22
245 _aSchedule of depb rates from 1st April 2002 to 31st March 2007 (as amended upto 31st March 20030
_cby Department of Commerce, Ministry of Commerce and Industry
260 _aDelhi
_bController of Publications
_c2003
300 _a94+p.
650 _aInternational trade - Government policy
700 _aIndia. Ministry of Commerce and Industry. Department of Commerce
999 _c486504
_d486504